000 00305nam a22001217a 4500
008 260424b |||||||| |||| 00| 0 eng d
082 _a001297
100 _aShukla, Hiralal
245 _aModern Sanskrit Literature
260 _aDelhi
_bNew Bharatiya Book Corporation
_c2020
300 _a308p
942 _2ddc
999 _c1322
_d1322